Geography and the urban environment : (Record no. 69205)
[ view plain ]
| 000 -LEADER | |
|---|---|
| fixed length control field | 00821nas a2200241 a 4500 |
| 001 - CONTROL NUMBER | |
| control field | 69205 |
| 003 - CONTROL NUMBER IDENTIFIER | |
| rucl marc code | BD-RjUL |
| 005 - DATE AND TIME OF LATEST TRANSACTION | |
| control field | 20211209081847.0 |
| 008 - FIXED-LENGTH DATA ELEMENTS--GENERAL INFORMATION | |
| fixed length control field | 781207s1979 enk x 0 a0eng |
| 035 ## - SYSTEM CONTROL NUMBER | |
| System control number | (BD-RjUL)69416 |
| 040 ## - CATALOGING SOURCE | |
| Original cataloging agency | DLC |
| Transcribing agency | NIC |
| Modifying agency | DLC |
| -- | OCoLC |
| -- | NSDP |
| -- | NST |
| -- | OCoLC |
| -- | NST |
| -- | MH |
| -- | DLC |
| -- | NST |
| -- | NLGGC |
| -- | NIALS |
| -- | OCoLC |
| -- | BD-RjUL |
| Language of cataloging | eng |
| 041 ## - LANGUAGE CODE | |
| Language code of text/sound track or separate title | eng |
| 082 00 - DEWEY DECIMAL CLASSIFICATION NUMBER | |
| Edition number | 23 |
| Classification number | 307.76 |
| Author mark and year | GEO 1979 |
| 245 10 - TITLE STATEMENT | |
| Title | Geography and the urban environment : |
| Remainder of title | progress in research and applications / |
| Statement of responsibility, etc. | David T Herbert; Ronald John Johnston |
| 260 ## - PUBLICATION, DISTRIBUTION, ETC. (IMPRINT) | |
| Place of publication, distribution, etc. | Chichester, |
| -- | New York, |
| Name of publisher, distributor, etc. | John Wiley, |
| Date of publication, distribution, etc. | 1978-84. |
| 300 ## - PHYSICAL DESCRIPTION | |
| Pagination | v. : |
| Illustrations | ill. ; |
| Size | 24 cm. |
| 505 ## - FORMATTED CONTENTS NOTE | |
| Formatted contents note | V. 2 -- |
| 650 #0 - SUBJECT ADDED ENTRY--TOPICAL TERM | |
| Topical term or geographic name as entry element | Cities and towns |
| 9 (RLIN) | 205045 |
| 700 ## - ADDED ENTRY--PERSONAL NAME | |
| Personal name | Herbert, David T |
| Personal name | Johnston, Ronald John |
| 942 ## - ADDED ENTRY ELEMENTS (KOHA) | |
| Source of classification or shelving scheme | Dewey Decimal Classification |
| Koha item type | Books |
| Lost status | Source of classification or shelving scheme | Damaged status | Not for loan | Collection code | Permanent Location | Current Location | Shelving location | Date acquired | Source of acquisition | Cost, normal purchase price | Total Checkouts | Full call number | Date last seen | Copy number | Koha item type |
|---|---|---|---|---|---|---|---|---|---|---|---|---|---|---|---|
| Dewey Decimal Classification | Not For Loan | Non-fiction | Central Library, University of Rajshahi | Central Library, University of Rajshahi | Reading Room | 14/10/1984 | Tappam-Tulip | 67.05 | 307.76 GEO V-2 1979 | 10/04/2017 | C-1 | Books |